header

Tensor operations and their applications (Record no. 151005)

MARC details
000 -LEADER
fixed length control field 01194nam a2200313 a 4500
100 1# - MAIN ENTRY--AUTHOR NAME
Personal name Salimov, Arif.
245 10 - TITLE STATEMENT
Title Tensor operations and their applications
260 ## - PUBLICATION, DISTRIBUTION, ETC. (IMPRINT)
Place of publication New York :
Name of publisher Nova Publishers,
Year of publication 2013.
300 ## - PHYSICAL DESCRIPTION
Number of Pages xii, 186 p.
490 1# - SERIES STATEMENT
Series statement Mathematics research developments
650 #0 - SUBJECT ADDED ENTRY--TOPICAL TERM
Topical Term Tensor algebra.
856 40 - ELECTRONIC LOCATION AND ACCESS
Uniform Resource Identifier http://site.ebrary.com/lib/rucke/Doc?id=10733976

No items available.

© 2026 Rongo University
Contact us: librarian | system librarian | Rongo university